00525nam a2200145Ia 4500008004100000245015000041260001800191260000900209300000800218500001000226650001300236856003800249999001900287952007300306170516s9999 xx 000 0 und d aLobular Distribution and Variability in Hepatic ATP Binding Cassette Protein B1 (ABCB1, P-gp): Ontogenetic Differences and Potential for Toxicity bPharmaceutics c2017 a9:1 aMarch xPharmacy uhttp://www.mdpi.com/1999-4923/9/1 c331581d331581 001040aCLbCLd2017-05-16l0r2017-05-16 00:00:00w2017-05-16yFOJ